Barron’s GMAT : Graduate Management Admission Test /

Đã lưu trong:
書目詳細資料
主要作者: Jaffe, Eugene D
格式: 圖書
語言:Vietnamese
出版: TR 2009
標簽: 添加標簽
沒有標簽, 成為第一個標記此記錄!
Thư viện lưu trữ: Mạng thư viện Đại học Đà Nẵng
LEADER 00648nam a2200265 4500
001 000027572
003 JA-EF
005 20150403120000.0
008 150403s vm 000 vie
020 |c 0,0000 
040 |a notts 
100 |a Jaffe, Eugene D 
245 |a Barron’s GMAT : Graduate Management Admission Test /  |c Eugene D. Jaffe and Stephen Hilbert. 
260 |b TR  |c 2009 
OWN |a LTT 
999 |a From the UDN01 
TYP |a Monograph 
TYP |a Printed language 
980 |a Mạng thư viện Đại học Đà Nẵng